000 00304nam a2200109Ia 4500
008 171211s9999 xx 000 0 und d
245 _aOrnithology, Evolution, and Philosophy
245 _cJürgen Haffer
260 _c2007
650 _xBiology
856 _uhttp://down.ebook777.com/062/9783540717775.pdf
999 _c350399
_d350399